Comedy Movie Title Match-Up Quiz Stats

 Plays Quiz Updated Sep 19, 2016

Support Sporcle.
Go Orange.
Score 0/40 Timer 04:00
0 Plays Today
% Correct
The 40-Year-Old
98.7%
Ace Ventura:
97.7%
Mrs.
97.2%
Beverly Hills
95.3%
The Blues
94.4%
To Be or
93.1%
School
93%
Little Miss
93%
My Cousin
92.1%
National Lampoon's
91.6%
Tropic
90.9%
Shaun
89.6%
Dirty Rotten
89.3%
A Hard Day's
89.2%
Death at
88.8%
The Odd
88.4%
Talladega Nights:
88.4%
Billy
87.6%
City
87.3%
Analyze
87%
% Correct
The Royal
86%
The Man
85%
The Importance of
85%
Office
84.9%
Young
83.9%
Hot
82.7%
Galaxy
82.6%
High
82.2%
This Is
80.7%
Role
79.3%
Bringing
79.1%
Wedding
77.6%
Slap
76.2%
Duck
75.8%
Arsenic and
73.9%
Funny
73%
Seven
72%
Modern
70.8%
I Heart
67.5%
OSS 117:
59.7%

You're not logged in!

Compare scores with friends on all Sporcle quizzes.
OR
Log In

From the Vault

AFI Top 10

by renault

I must say, I am pretty surprised that Kangaroo Jack didn't top the list of Westerns
Remove Ads.
Support Sporcle.
Get the best of Sporcle when you Go Orange. This ad-free experience offers more features, more stats, and more fun while also helping to support Sporcle. Thank you for becoming a member.

Show Comments

Extras

Top Quizzes Today


Score Distribution

Your Account Isn't Verified!

In order to create a playlist on Sporcle, you need to verify the email address you used during registration. Go to your Sporcle Settings to finish the process.

Report this User

Report this user for behavior that violates our Community Guidelines.

Details: